Anales de la Escuela de Peritos Agrícolas y Superior de Agricultura
Descripción Física:
11 vols ; 25 cm Il. ; taules, gràf. ; periodicitat: trimestral ; anual a partir de 1948 ; biennal a partir de 1954 ; amb irregularitats
MARC
| LEADER | 00000nas a2200000 a 4500 | ||
|---|---|---|---|
| 001 | 6192, 8042, 8043, 8044, 6193, 8045, 6194, 6195, 7634, 7635, 10100, 7636, 7637, 6196, 7638, 7639, 7640, 6197, 6198 | ||
| 003 | AGDB | ||
| 005 | 20260324181036.0 | ||
| 008 | 160829s1941 - 1960 xx 000 0 cat d | ||
| 022 | |a 2171-2980 | ||
| 022 | |a 0212-4343 | ||
| 080 | |a Revistes | ||
| 245 | |a Anales de la Escuela de Peritos Agrícolas y Superior de Agricultura | ||
| 246 | |a Anales de la Escuela de Peritos Agrícolas y Superior de Agricultura y de los Servicios Técnicos de Agricultura | ||
| 246 | |a Anales de la Escuela de Peritos Agrícolas y de Especialidades Agropecuarias y de los Servicios Técnicos de Agricultura | ||
| 247 | |a Arxius de l'Escola Superior d'Agricultura | ||
| 260 | |a Barcelona : |b l'Escola, |c 1941 - 1960 | ||
| 300 | |a 11 vols ; |c 25 cm |b Il. ; taules, gràf. ; periodicitat: trimestral ; anual a partir de 1948 ; biennal a partir de 1954 ; amb irregularitats | ||
| 310 | |a Trimestral ; anual a partir de 1948 ; biennal a partir de 1954 ; amb irregularitats | ||
| 362 | |a Vol. 01 (1941) ; fascicles 1-2 (gener-juny) -- Vol. 14 (1956-1960) | ||
| 590 | |a A la portada: Diputación Provincial de Barcelona. Departamento de Agricultura. | ||
| 590 | |a Continuació de: Arxius de l'Escola Superior d'Agricultura, ISSN 0212-4335. | ||
| 590 | |a Continuada per: Arxius de l'Escola d'Agricultura de Barcelona, ISSN 0212-4351. | ||
| 590 | |a Es considera 1a. Sèrie els núms. que es van publicar entre els anys 1921 i 1924 (hi ha publicacions d'aquests anys). La 2a. Sèrie de 1935? a 1938, la 3a. Sèrie de 1941 a 1960 anomenada Anales de la Escuela de Peritos Agrícolas y Superior de Agricultura. La 4a. Sèrie de 1980 a 1994, i la 5a. Sèrie de 1998 a 2000... (informació extreta del núm. 1 de l'any 1998 sèrie cinquena). | ||
| 590 | |a Hi ha dos fulletons que són articles de la revista de l'any 1938 amb R. 8872 i R. 8865. | ||
| 650 | |a Agricultura |x Revistes |9 28453 | ||
| 655 | |a Revistes |9 55823 | ||
| 710 | 2 | |a Escuela de Peritos Agrícolas y Superior de Agricultura |9 54569 | |
| 780 | 0 | 0 | |t Arxius de l'Escola Superior d'Agricultura |
| 785 | 0 | 0 | |t Arxius de l'Escola d'Agricultura de Barcelona |
| 866 | |a Vol. 01 (1941) ; fascicles 1-2 (gener-juny) -- Vol. 14 (1956-1960) | ||
| 901 | |a Arxiu | ||
| 942 | |n 1 |2 udc |c REV | ||
| 952 | |0 0 |1 0 |2 udc |4 0 |7 1 |9 61610 |a Arxiu |b Arxiu |d 2022-05-10 |h Vol. 01 (1941) ; fascicles 1-2 (gener-juny) - 4 (octubre-desembre) |o Rev-38 |p 6192 |r 2022-05-10 00:00:00 |w 2022-05-10 |y ARXIU |z Números de registre: 6192 (fascicles 1-2) ; 8042 (fascicle 3) ; 3043 (fascicle 4) | ||
| 952 | |0 0 |1 0 |2 udc |4 0 |7 1 |9 61611 |a Arxiu |b Arxiu |d 2022-05-10 |h Vol. 02 (1942) ; fascicles 1 (gener-març) - 4 (octubre-desembre) |o Rev-39 |p 3044 |r 2022-05-10 00:00:00 |w 2022-05-10 |y ARXIU |z Números de registre: 3044 (fascicle 1) ; 6193 (fascicle 2) ; 8045 (fascicle 3) ; 6194 (fascicle 4) | ||
| 952 | |0 0 |1 0 |2 udc |4 0 |6 REV40 |7 1 |9 61613 |a Arxiu |b Arxiu |d 2022-05-10 |h Vol. 03 (1943) ; fascicles 1-4 |l 0 |o Rev-40 |p 6195 |r 2022-05-10 00:00:00 |w 2022-05-10 |y ARXIU | ||
| 952 | |0 0 |1 0 |2 udc |4 0 |6 REV41 |7 1 |9 61615 |a Arxiu |b Arxiu |d 2022-05-10 |h Vol. 04 (1944) ; fascicles 1-4 |o Rev-41 |p 7634 |r 2022-05-10 00:00:00 |w 2022-05-10 |y ARXIU | ||
| 952 | |0 0 |1 0 |2 udc |4 0 |6 REV42 |7 1 |9 61616 |a Arxiu |b Arxiu |d 2022-05-10 |h Vol. 05 (1945) ; fascicles 1-4 |l 0 |o Rev-42 |p 7635 |r 2022-05-10 00:00:00 |w 2022-05-10 |y ARXIU | ||
| 952 | |0 0 |1 0 |2 udc |4 0 |6 REV43 |7 1 |9 61619 |a Arxiu |b Arxiu |d 2022-05-10 |h Vol. 06 (1946-1947) |l 0 |o Rev-43 |p 10100 |r 2022-05-10 00:00:00 |w 2022-05-10 |y ARXIU | ||
| 952 | |0 0 |1 0 |2 udc |4 0 |6 REV44 |7 1 |9 61620 |a Arxiu |b Arxiu |d 2022-05-10 |h Vol. 07 (1948) - Vol. 08 (1949) |l 0 |o Rev-44 |p 7636 |r 2022-05-10 00:00:00 |w 2022-05-10 |y ARXIU |z Números de registre: 7636 (vol. 7) ; 7637 (vol.2) | ||
| 952 | |0 0 |1 0 |2 udc |4 0 |7 1 |9 61621 |a Arxiu |b Arxiu |d 2022-05-10 |h Vol. 09 (1950) - Vol. 10 (1951) |o Rev-45 |p 6196 |r 2022-05-10 00:00:00 |w 2022-05-10 |y ARXIU |z Números de registre: 6196 (vol. 9) ; 7638 (vol. 10) | ||
| 952 | |0 0 |1 0 |2 udc |4 0 |6 REV46 |7 1 |9 61623 |a Arxiu |b Arxiu |d 2022-05-10 |h Vol. 11 (1952) - Vol. 12 (1953) |l 0 |o Rev-46 |p 7639 |r 2022-05-10 00:00:00 |w 2022-05-10 |y ARXIU |z Números de registre: 7639 (vol. 11) ; 7640 (vol. 12) | ||
| 952 | |0 0 |1 0 |2 udc |4 0 |6 REV47 |7 1 |9 61624 |a Arxiu |b Arxiu |d 2022-05-10 |h Vol. 13 (1954-1955) |l 0 |o Rev-47 |p 6197 |r 2022-05-10 00:00:00 |w 2022-05-10 |y ARXIU | ||
| 952 | |0 0 |1 0 |2 udc |4 0 |6 REV48 |7 1 |9 61625 |a Arxiu |b Arxiu |d 2022-05-10 |h Vol. 14 (1956-1960) |l 0 |o Rev-48 |p 6198 |r 2022-05-10 00:00:00 |w 2022-05-10 |y ARXIU | ||
| 999 | |c 48467 |d 48467 | ||